| 000 | 00820nam a2200217 a 4500 | ||
|---|---|---|---|
| 008 | 951122s1985||||[C 0 slo c | ||
| 020 |
_c21 Kčs. _q(18000 výtl.) |
||
| 040 |
_aSNK _bslo _cSNK _eAACR2 |
||
| 041 | 1 |
_aslo _hrus |
|
| 044 |
_axo _cSK |
||
| 080 | _a141.82(081) | ||
| 100 | 1 |
_aLenin, Vladimir Iľjič _4aut |
|
| 245 | 1 | 0 |
_aZobrané spisy. /Zv./ 28 _bZošity o imperializme _cVladimir Iľjič Lenin ; Jirka Vašinová, Oto Takáč |
| 250 | _a2., vyd. | ||
| 260 |
_aBratislava _bPravda _c1985 _eBratislava _fPravda |
||
| 300 |
_a901 s., 45,65 AH _bTb. _c21 cm |
||
| 500 | _aLit. 840. 4 viaz. pril. s tb. a faksim rkp. V. I. Lenina. Pozn. Reg. cit. lit. prác a prameňov. Men. reg. 840 zázn. o kn., čl., čas. v ruš. a nem. | ||
| 700 | 1 |
_aVašinová, Jirka _4trl |
|
| 700 | 1 |
_aTakáč, Oto _4bkd |
|
| 958 | _aA | ||
| 999 |
_c15445 _d15445 |
||